Computer graphics / (Record no. 2207)

MARC details
000 -LEADER
Fixed length control field 00412nam a22001697a 4500
003 - CONTROL NUMBER IDENTIFIER
Control field SEACOMEC
005 - DATE AND TIME OF LATEST TRANSACTION
Control field 20250418134735.0
008 - FIXED-LENGTH DATA ELEMENTS--GENERAL INFORMATION
Fixed length control field 250418b |||||||| |||| 00| 0 eng d
020 ## - INTERNATIONAL STANDARD BOOK NUMBER / ISBN
Price 250.00
International Standard Book Number 0070593760
040 ## - CATALOGING SOURCE
Original cataloging agency SEACOMEC
082 ## - DEWEY DECIMAL CLASSIFICATION NUMBER
Classification number 006.6
Book Number ISR
110 ## - AIN ENTRY--CORPORATE NAME
Corporate name ISRD Group
245 ## - TITLE STATEMENT
Title Computer graphics /
Statement of responsibility ISRD Group
250 ## - EDITION STATEMENT
Edition statement 2nd ed
260 ## - IMPRINT
Place of publication New Delhi
Name of publisher Tata McGraw Hil
Date of publication 2005
942 ## - ADDED ENTRY ELEMENTS (KOHA)
Koha item type Books
Holdings
Withdrawn status Lost status Source of classification Damaged status Not for loan Home library Current library Date acquired Total Checkouts Call number Accession number Date last seen Price effective from Koha item type Copy number
    Dewey Decimal Classification     SEACOM ENGINEERING COLLEGE SEACOM ENGINEERING COLLEGE 18/04/2025   006.6 ISR 16400 18/04/2025 18/04/2025 Reference Books  
    Dewey Decimal Classification     SEACOM ENGINEERING COLLEGE SEACOM ENGINEERING COLLEGE 18/04/2025   006.6 ISR 16401 18/04/2025 18/04/2025 Books 1
    Dewey Decimal Classification     SEACOM ENGINEERING COLLEGE SEACOM ENGINEERING COLLEGE 18/04/2025   006.6 ISR 16402 18/04/2025 18/04/2025 Books 2
    Dewey Decimal Classification     SEACOM ENGINEERING COLLEGE SEACOM ENGINEERING COLLEGE 18/04/2025   006.6 ISR 16403 18/04/2025 18/04/2025 Books 3
    Dewey Decimal Classification     SEACOM ENGINEERING COLLEGE SEACOM ENGINEERING COLLEGE 18/04/2025   006.6 ISR 16405 18/04/2025 18/04/2025 Books 4
© Seacom Engineering College, All rights reserved.      Powered by Koha